Faktoring ako osobitná forma financovania bakalárska práca

Gespeichert in:
Bibliographische Detailangaben
1. Verfasser: Cibuľa, Milan, 1995-
Körperschaft: Podnikovohospodárska fakulta EU so sídlom v Košiciach. Katedra kvantitatívnych metód
Weitere Verfasser: Tkáč, Michal, 1958-
Format: Buch
Sprache:Slowakisch
Veröffentlicht: Košice 2017
Tags: Tag hinzufügen
Keine Tags, Fügen Sie das erste Tag hinzu!

MARC

LEADER 00000nbm a2200000 4500
001 0231719
005 20171113104433.2
041 0 |a slo 
044 |a SK 
245 1 0 |a Faktoring ako osobitná forma financovania  |b bakalárska práca  |c Milan Cibuľa ; školiteľ: Michal Tkáč 
264 1 |a Košice  |c 2017 
300 |a 46 s. 
100 1 |a Cibuľa, Milan, 1995- 
700 1 |a Tkáč, Michal, 1958- 
710 2 |a Podnikovohospodárska fakulta EU so sídlom v Košiciach. Katedra kvantitatívnych metód